Indian public finance and financial administration : (Record no. 127969)
[ view plain ]
| 000 -LEADER | |
|---|---|
| fixed length control field | 00818nam a22002417a 4500 |
| 005 - DATE AND TIME OF LATEST TRANSACTION | |
| control field | 20170124110033.0 |
| 010 ## - LIBRARY OF CONGRESS CONTROL NUMBER | |
| LC control number | 906809 |
| 020 ## - INTERNATIONAL STANDARD BOOK NUMBER | |
| Terms of availability | 99.00 |
| 035 ## - SYSTEM CONTROL NUMBER | |
| System control number | 906809 |
| 037 ## - SOURCE OF ACQUISITION | |
| Source of stock number/acquisition | Cen Lib/Ret |
| 040 ## - CATALOGING SOURCE | |
| Original cataloging agency | dpl |
| Language of cataloging | EN |
| 082 ## - DEWEY DECIMAL CLASSIFICATION NUMBER | |
| Classification number | 336.54 |
| Item number | SUN |
| 100 ## - MAIN ENTRY--PERSONAL NAME | |
| Personal name | Sundharam, K.P.M. |
| 9 (RLIN) | 6786 |
| 245 ## - TITLE STATEMENT | |
| Title | Indian public finance and financial administration : |
| Statement of responsibility, etc | by K.P.M.Sundharam [and] E.N.Sundharam |
| Remainder of title | for the courses prescribed by the Indian institute of bankers,Bombay / |
| 250 ## - EDITION STATEMENT | |
| Edition statement | 7th ed. |
| 260 ## - PUBLICATION, DISTRIBUTION, ETC. (IMPRINT) | |
| Name of publisher, distributor, etc | Sultan Chand & Sons |
| Date of publication, distribution, etc | 1978 |
| Place of publication, distribution, etc | New Delhi |
| 270 ## - ADDRESS | |
| Address | 4792/23, Daryaganj |
| City | New Delhi |
| Postal code | 110002 |
| 300 ## - PHYSICAL DESCRIPTION | |
| Extent | viii, 180p. : |
| Dimensions | 20cm(Hb) |
| Other physical details | ill. |
| 650 ## - SUBJECT ADDED ENTRY--TOPICAL TERM | |
| Topical term or geographic name as entry element | Public finance. |
| 9 (RLIN) | 12243 |
| 650 ## - SUBJECT ADDED ENTRY--TOPICAL TERM | |
| Topical term or geographic name as entry element | Financial administration. |
| 9 (RLIN) | 22053 |
| 700 ## - ADDED ENTRY--PERSONAL NAME | |
| Personal name | Sundharam, E.N. |
| 9 (RLIN) | 11110 |
| 942 ## - ADDED ENTRY ELEMENTS (KOHA) | |
| Source of classification or shelving scheme | Dewey Decimal Classification |
| Koha item type | English Books |
| Classification part | 336.54 |
| Call number suffix | SUN |
| Withdrawn status | Lost status | Damaged status | Not for loan | Home library | Current library | Date acquired | Source of acquisition | Cost, normal purchase price | Total Checkouts | Total Renewals | Full call number | Barcode | Date last seen | Date checked out | Copy number | Cost, replacement price | Price effective from | Koha item type |
|---|---|---|---|---|---|---|---|---|---|---|---|---|---|---|---|---|---|---|
| Central Library | Central Library | 01/07/2015 | Cen Lib/Ret | 99.00 | 2 | 2 | 336.54 SUN | 906809 | 24/05/2019 | 24/04/2019 | 1 | 99.00 | 01/07/2015 | English Books |
